| 000 -LEADER |
| fixed length control field |
02997cam a22005177a 4500 |
| 001 - CONTROL NUMBER |
| control field |
16449206 |
| 003 - CONTROL NUMBER IDENTIFIER |
| control field |
NUST |
| 005 - DATE AND TIME OF LATEST TRANSACTION |
| control field |
20191008141609.0 |
| 008 - FIXED-LENGTH DATA ELEMENTS--GENERAL INFORMATION |
| fixed length control field |
100907s2009 dcuak bt 000 0 eng d |
| 010 ## - LIBRARY OF CONGRESS CONTROL NUMBER |
| LC control number |
2009900728 |
| 020 ## - INTERNATIONAL STANDARD BOOK NUMBER |
| International Standard Book Number |
9780309098304 (softcover) |
| 020 ## - INTERNATIONAL STANDARD BOOK NUMBER |
| International Standard Book Number |
0309098300 (softcover) |
| 035 ## - SYSTEM CONTROL NUMBER |
| System control number |
(OCoLC)ocn318454105 |
| 038 ## - RECORD CONTENT LICENSOR |
| Staff Name |
MSOHAIL |
| 040 ## - CATALOGING SOURCE |
| Original cataloging agency |
FHATR |
| Transcribing agency |
FHATR |
| Modifying agency |
JCR |
| -- |
TRL |
| -- |
IQU |
| -- |
DLC |
| 042 ## - AUTHENTICATION CODE |
| Authentication code |
lccopycat |
| 043 ## - GEOGRAPHIC AREA CODE |
| Geographic area code |
n-us--- |
| -- |
n-cn--- |
| 050 00 - LIBRARY OF CONGRESS CALL NUMBER |
| Classification number |
TG362 |
| Item number |
.R868 2009 |
| 082 00 - DEWEY DECIMAL CLASSIFICATION NUMBER |
| Classification number |
624.257 |
| Edition number |
22 |
| 100 1# - MAIN ENTRY--PERSONAL NAME |
| Personal name |
Russell, H. G. |
| 9 (RLIN) |
22769 |
| 245 10 - TITLE STATEMENT |
| Title |
Adjacent precast concrete box beam bridges : |
| Remainder of title |
connection details / |
| Statement of responsibility, etc. |
consultant, Henry G. Russell. |
| 260 ## - PUBLICATION, DISTRIBUTION, ETC. |
| Place of publication, distribution, etc. |
Washington, D.C. : |
| Name of publisher, distributor, etc. |
Transportation Research Board, |
| Date of publication, distribution, etc. |
2009. |
| 300 ## - PHYSICAL DESCRIPTION |
| Extent |
75 p. : |
| Other physical details |
ill., form ; |
| Dimensions |
28 cm. |
| 490 1# - SERIES STATEMENT |
| Series statement |
NCHRP synthesis, |
| International Standard Serial Number |
0547-5570 ; |
| Volume/sequential designation |
393 |
| 500 ## - GENERAL NOTE |
| General note |
"A synthesis of highway practice." |
| 500 ## - GENERAL NOTE |
| General note |
At head of title: National Cooperative Highway Research Program. |
| 504 ## - BIBLIOGRAPHY, ETC. NOTE |
| Bibliography, etc. note |
Includes bibliographical references (p. 29-30). |
| 520 ## - SUMMARY, ETC. |
| Summary, etc. |
"Bridges built with adjacent precast, prestressed concrete box beams are a popular and economical solution in many states because they can be constructed rapidly and most deck forming is eliminated. Bridges constructed with box beams have been in service for many years and have generally performed well. A recurring problem, however, is cracking in the longitudinal grouted joints between adjacent beams, resulting in reflective cracks forming in the wearing surface. This in turn may lead to leakage, corrosion, and, in severe cases, complete cracking of joints and loss of load transfer. This study discusses current design and construction practices that are reported to reduce the likelihood of longitudinal cracking in box beam bridges"--Preface. |
| 530 ## - ADDITIONAL PHYSICAL FORM AVAILABLE NOTE |
| Additional physical form available note |
Also available online. |
| 536 ## - FUNDING INFORMATION NOTE |
| Text of note |
Research sponsored by the American Association of State Highway and Transportation Officials in cooperation with the Federal Highway Administration |
| Project number |
NCHRP project 20-5, topic 39-10 |
| 650 #0 - SUBJECT ADDED ENTRY--TOPICAL TERM |
| Topical term or geographic name entry element |
Box girder bridges |
| General subdivision |
Design and construction. |
| 9 (RLIN) |
23253 |
| 650 #0 - SUBJECT ADDED ENTRY--TOPICAL TERM |
| Topical term or geographic name entry element |
Box girder bridges |
| Geographic subdivision |
United States. |
| 9 (RLIN) |
23254 |
| 650 #0 - SUBJECT ADDED ENTRY--TOPICAL TERM |
| Topical term or geographic name entry element |
Box girder bridges |
| Geographic subdivision |
Canada. |
| 9 (RLIN) |
23255 |
| 650 #0 - SUBJECT ADDED ENTRY--TOPICAL TERM |
| Topical term or geographic name entry element |
Box beams. |
| 9 (RLIN) |
23256 |
| 650 #0 - SUBJECT ADDED ENTRY--TOPICAL TERM |
| Topical term or geographic name entry element |
Concrete bridges |
| General subdivision |
Joints |
| -- |
Cracking. |
| 9 (RLIN) |
23257 |
| 710 2# - ADDED ENTRY--CORPORATE NAME |
| Corporate name or jurisdiction name as entry element |
National Research Council (U.S.). |
| Subordinate unit |
Transportation Research Board. |
| 9 (RLIN) |
23258 |
| 710 2# - ADDED ENTRY--CORPORATE NAME |
| Corporate name or jurisdiction name as entry element |
National Cooperative Highway Research Program. |
| 9 (RLIN) |
20864 |
| 710 2# - ADDED ENTRY--CORPORATE NAME |
| Corporate name or jurisdiction name as entry element |
American Association of State Highway and Transportation Officials. |
| 9 (RLIN) |
19553 |
| 710 1# - ADDED ENTRY--CORPORATE NAME |
| Corporate name or jurisdiction name as entry element |
United States. |
| Subordinate unit |
Federal Highway Administration. |
| 9 (RLIN) |
20149 |
| 830 #0 - SERIES ADDED ENTRY--UNIFORM TITLE |
| Uniform title |
Synthesis of highway practice ; |
| Volume/sequential designation |
393. |
| 9 (RLIN) |
23259 |
| 856 41 - ELECTRONIC LOCATION AND ACCESS |
| Uniform Resource Identifier |
<a href="http://onlinepubs.trb.org/onlinepubs/nchrp/nchrp_syn_393.pdf">http://onlinepubs.trb.org/onlinepubs/nchrp/nchrp_syn_393.pdf</a> |
| 856 41 - ELECTRONIC LOCATION AND ACCESS |
| Uniform Resource Identifier |
<a href="http://www.trb.org/publications/nchrp/nchrp%5Fsyn%5F393.pdf">http://www.trb.org/publications/nchrp/nchrp%5Fsyn%5F393.pdf</a> |
| 906 ## - LOCAL DATA ELEMENT F, LDF (RLIN) |
| a |
7 |
| b |
cbc |
| c |
copycat |
| d |
2 |
| e |
epcn |
| f |
20 |
| g |
y-gencatlg |
| 942 ## - ADDED ENTRY ELEMENTS (KOHA) |
| Source of classification or shelving scheme |
|
| Koha item type |
Book |